000 00204nam a2200085Ia 4500
008 120527s9999 xx 000 0 und d
100 _aHEWLETT-Parkurd
245 _aTest and Measurement catalog
942 _cBK
999 _c25694
_d25694